01175nam a2200193Ia 4500001001000000003001000010008004100020040002500061041001300086100002200099245008400121250001100205260006600216300002700282500026200309501011400571520026200685650003400947L235-9583IT-CnALBA170116s9999||||xx |||||||||||||| ||und|| aIT-CnALBAcIT-CnALBA aITALIANO aACAMI P. DOMENICO 0aVITA DI SAN VINCENZO DÈ PAOLI. FONDATORE DELLA CONGREGAZIONE DELLA MISSIONE.  a5a ed. a TORINO, MILANO, ROMAbREALE STAMPERIA c1837 [1° Ed.: n.d.] a503 p. (prefazione: 5) aSCHIAVO IN BARBERIA. ROMA. PARIGI. CURA DI PARROCCHIA. MISSIONI. DIRETTORE SPIRITUALE DI S. FRANCESCO DI SALES E DELLE SUORE DELLA VISITAZIONE. CONGREGAZIONE DELLA MISSIONE. SEMINARIO. ESERCIZI SPIRITUALI. ALTRE FONDAZIONI. FIGLIE DELLA CARITÀ. COMPAGNIA  aSocietà San Paolo EM - Piazza San Paolo, 14 - 12051 ALBA (CN) (non commercial uses only) ® Copyright 2017 aSCHIAVO IN BARBERIA. ROMA. PARIGI. CURA DI PARROCCHIA. MISSIONI. DIRETTORE SPIRITUALE DI S. FRANCESCO DI SALES E DELLE SUORE DELLA VISITAZIONE. CONGREGAZIONE DELLA MISSIONE. SEMINARIO. ESERCIZI SPIRITUALI. ALTRE FONDAZIONI. FIGLIE DELLA CARITÀ. COMPAGNIA  aMARIA SS. ANGELI SANTI DEMONI